000 00689nam a2200241Ia 4500
003 OSt
005 20220918191205.0
006 a|||||r|||| 00| 0
007 ta
008 220917b |||||||| |||| 00| 0 eng d
024 _a61,925
037 _cTextual
040 _aARTS
_cARTS
_beng
041 _2eng
_aeng
082 _aQ41:22512:g, K6
100 _aThera Buddharakhita comm
_975232
245 0 _aDhammapada
_b a practical guide to right living
260 _aBangalore
_bBuddha Vacana Trust India
_c1966
300 _aviii,215p.
_ccm.
650 _aRELIGION
942 _hQ41:22512:g, K6
_cTEXL
_2CC
999 _c188683
_d188683